000 00455nam a2200193Ia 4500
005 20250423095442.0
008 250422s9999 xx 000 0 und d
020 _a0471059676
050 _aQC 168 .Z83/
100 _aZucker, Robert D.
245 0 _aFundamentals of gas dynamics
250 _a2nd ed.
260 _aNew Jersey
260 _bJohn Wiley & Sons, Inc.
260 _c2002
300 _a493 p
650 _aGas dynamics.
942 _cBK
999 _c30319
_d30319